Regionálne reality mesačník zameraný na predaj, kúpu, prenájom a rekonštrukciu nehnuteľností v regiónoch Slovenska

Bibliographic Details
Previous Title:Západoslovenské reality
Format: Journal
Language:Slovak
PhysicalDescription:1 zv. 30 cm
Published: Bratislava BizMedia, s.r.o. 2007
ISSN:1336-7838
Subjects:

MARC

LEADER 00000nas a2200000 a 4500
001 vtls011845881
003 SK-MaSNL
005 20260228164511.0
008 190314d20072007xo mr|p 0 0slo
022 |y 1336-7838 
040 |a SNK  |b slo  |c SNK  |e AACR2 
041 0 |a slo 
044 |a xo  |c SK 
072 7 |a 347  |x Súkromné právo  |2 konspekt 
072 7 |a 332  |x Regionálna ekonómia, regionálna ekonomika  |2 konspekt 
072 7 |a 659  |x Reklama. Public relations. Médiá  |2 konspekt 
080 |a 347.214.2  |2 2011 
080 |a 332.72  |2 2011 
080 |a 659.131/.132  |2 2001 
080 |a 050  |2 2011 
080 |a 655.535.6(051)  |2 2011 
245 0 0 |a Regionálne reality  |b mesačník zameraný na predaj, kúpu, prenájom a rekonštrukciu nehnuteľností v regiónoch Slovenska 
260 |a Bratislava  |b BizMedia, s.r.o.  |c 2007 
300 |a 1 zv.  |c 30 cm 
310 |a 1x mesačne 
362 0 |a Roč. III, č. 1 (2007)-roč. III, č. 8 (2007) 
500 |a Registračné č.: MK SR - KP 35/2005 
500 |a ISSN 1336-7838 patrí predošlému titulu Západoslovenské reality 
650 0 7 |a nehnuteľnosti  |2 SNKPH  |9 3653 
650 0 7 |a trh nehnuteľností  |2 SNKPH  |9 85571 
650 0 7 |a inzercia  |2 SNKPH  |9 22087 
655 7 |a inzertné časopisy  |2 SNKPH  |9 70809 
780 0 0 |t Západoslovenské reality  |x 1336-7838  |w vtls008834706 
910 |a snk 
999 |c 13839  |d 15769 
952 |0 0  |1 0  |4 0  |7 0  |8 0  |a SNK  |b SNK  |d 2019-03-14  |i snk2019/6996  |l 0  |o snkČSB 6995/3/2007  |p 17A1365629  |r 2026-02-21 21:51:12  |t č. 1-8, neúplné  |w 2026-02-21  |y PREZ  |z Chýba č. 2,6,7,8